[Event "Reto (Rybka232mp32-bit, 90'+30\"/100+15'"]
[Site "?"]
[Date "2009.12.31"]
[Round "?"]
[White "Diaz, Sergio"]
[Black "Cabrera, Marcelo Dario"]
[Result "1/2-1/2"]
[WhiteElo "2472"]
[BlackElo "2267"]
[PlyCount "134"]

1. e4 c5 2. Nf3 e6 3. d4 cxd4 4. Nxd4 a6 5. Bd3 Nf6 6. O-O Qc7 7. Qe2 d6 8. c4
Be7 9. Nc3 Nc6 10. Nxc6 bxc6 11. f4 Nd7 12. Be3 Rb8 13. Rad1 O-O 14. Rf3 g6 15.
g4 Bf6 16. Qd2 Bb7 17. g5 Bg7 18. Bf1 d5 19. Rf2 Rfe8 20. cxd5 cxd5 21. exd5
exd5 22. Nxd5 Bxd5 23. Qxd5 Rxe3 24. Qxd7 Qc5 25. Kg2 Bxb2 26. f5 Bg7 27. Qd6
Qxd6 28. Rxd6 gxf5 29. Rxf5 Bc3 {[%eval 19,17] [%emt 0:02:55]} 30. Bc4 {
[%eval 20,18] [%emt 0:04:20] (Axa6)} Rb2+ {[%eval 18,18] [%emt 0:01:11]} 31.
Rf2 {[%eval 18,19] [%emt 0:01:10]} Re5 {[%eval 18,19] [%emt 0:01:08]} 32. Bxf7+
{[%eval 20,19] [%emt 0:01:05]} Kg7 {[%eval 20,20] [%emt 0:01:01]} 33. Rxb2 {
[%eval 20,20] [%emt 0:01:07]} Bxb2 {[%eval 18,21] [%emt 0:04:11]} 34. Bc4 {
[%eval 20,21] [%emt 0:03:11]} Rxg5+ {[%eval 20,21] [%emt 0:03:24]} 35. Kf3 {
[%eval 18,22] [%emt 0:08:20]} Rf5+ {[%eval 18,22] [%emt 0:07:57]} 36. Kg4 {
[%eval 17,23] [%emt 0:19:58]} Re5 {[%eval 17,23] [%emt 0:19:24]} 37. Bxa6 {
[%eval 16,23] [%emt 0:15:35]} Re4+ {[%eval 16,23] [%emt 0:15:09]} 38. Kf3 {
[%eval 16,23] [%emt 0:12:12]} Ra4 {[%eval 16,23] [%emt 0:11:51] (Th4)} 39. Rd7+
{[%eval 16,23] [%emt 0:09:34]} Kf6 {[%eval 16,24] [%emt 0:09:18]} 40. Bb5 {
[%eval 16,23] [%emt 0:07:31]} Rxa2 {[%eval 16,23] [%emt 0:07:19]} 41. Rxh7 {
[%eval 16,22] [%emt 0:02:37]} Ra3+ {[%eval 16,18] [%emt 0:00:59]} 42. Ke4 {
[%eval 16,20] [%emt 0:00:28]} Bc1 {[%eval 16,20] [%emt 0:00:38]} 43. Rh8 {
[%eval 16,16] [%emt 0:02:07] (Ac4)} Re3+ {[%eval 15,16] [%emt 0:00:53]} 44. Kd4
{[%eval 15,17] [%emt 0:00:30]} Re7 {[%eval 15,17] [%emt 0:05:25]} 45. Kd3 {
[%eval 12,18] [%emt 0:05:07]} Bf4 {[%eval 12,17] [%emt 0:00:48] (Ab2)} 46. h3 {
[%eval 12,17] [%emt 0:01:15]} Kf5 {[%eval 11,17] [%emt 0:04:13] (Rg5)} 47. Rf8+
{[%eval 12,17] [%emt 0:01:11]} Ke5 {[%eval 11,18] [%emt 0:01:00] (Rg5)} 48. Bc6
{[%eval 10,18] [%emt 0:02:33]} Bg5 {[%eval 10,18] [%emt 0:00:33]} 49. Rg8 {
[%eval 10,18] [%emt 0:00:50]} Bf6 {[%eval 10,18] [%emt 0:01:19]} 50. Ke3 {
[%eval 10,18] [%emt 0:00:22]} Rh7 {[%eval 9,18] [%emt 0:00:18]} 51. Bg2 {
[%eval 10,18] [%emt 0:00:17]} Rh4 {[%eval 9,19] [%emt 0:01:08]} 52. Re8+ {
[%eval 9,19] [%emt 0:00:28]} Kd6 {[%eval 9,20] [%emt 0:00:48]} 53. Ke2 {
[%eval 9,20] [%emt 0:01:18]} Be7 {[%eval 9,20] [%emt 0:03:05]} 54. Ra8 {
[%eval 9,20] [%emt 0:00:54]} Ke5 {[%eval 9,20] [%emt 0:01:36]} 55. Ra5+ {
[%eval 9,20] [%emt 0:01:47]} Kf4 {[%eval 9,21] [%emt 0:01:42]} 56. Ra6 {
[%eval 9,21] [%emt 0:02:41]} Ke5 {[%eval 9,21] [%emt 0:01:59]} 57. Kd2 {
[%eval 9,20] [%emt 0:02:15]} Kf4 {[%eval 8,19] [%emt 0:01:30] (Af6)} 58. Rg6 {
[%eval 8,19] [%emt 0:01:51]} Kf5 {[%eval 8,19] [%emt 0:00:55]} 59. Rg8 {
[%eval 8,19] [%emt 0:01:08]} Bf6 {[%eval 8,19] [%emt 0:01:20]} 60. Ra8 {
[%eval 8,18] [%emt 0:00:29] (Te8)} Rb4 {[%eval 7,17] [%emt 0:00:28] (Td4+)} 61.
Ra5+ {[%eval 7,17] [%emt 0:01:25] (Rd3)} Kf4 {[%eval 7,18] [%emt 0:01:09]} 62.
Ra2 {[%eval 4,18] [%emt 0:01:05] (Af1)} Rb2+ {[%eval 4,19] [%emt 0:00:49]} 63.
Rxb2 {[%eval 4,23] [%emt 0:00:08]} Bxb2 {[%eval 4,27] [%emt 0:00:08]} 64. Kd3 {
[%eval 4,28] [%emt 0:00:07]} Bf6 {[%eval 4,29] [%emt 0:00:10]} 65. Bd5 {
[%eval 4,30] [%emt 0:00:14]} Ke5 {[%eval 4,30] [%emt 0:00:13]} 66. Bf3 {
[%eval 4,30] [%emt 0:00:10]} Kf4 {[%eval 4,30] [%emt 0:00:08]} 67. Be4 {
[%eval 4,30] [%emt 0:00:09]} Kg3 {[%eval 4,32] [%emt 0:00:08]} 1/2-1/2

[Event "Reto (Fritz1, 90'+30\"/100+15'+30\") "]
[Site "?"]
[Date "2009.12.31"]
[Round "?"]
[White "Diaz, Sergio"]
[Black "Cabrera, Marcelo Dario"]
[Result "1/2-1/2"]
[WhiteElo "2472"]
[BlackElo "2267"]
[PlyCount "89"]

1. e4 c5 2. Nf3 e6 3. d4 cxd4 4. Nxd4 a6 5. Bd3 Nf6 6. O-O Qc7 7. Qe2 d6 8. c4
Be7 9. Nc3 Nc6 10. Nxc6 bxc6 11. f4 Nd7 12. Be3 Rb8 13. Rad1 O-O 14. Rf3 g6 15.
g4 Bf6 16. Qd2 Bb7 17. g5 Bg7 18. Bf1 d5 19. Rf2 Rfe8 20. cxd5 cxd5 21. exd5
exd5 22. Nxd5 Bxd5 23. Qxd5 Rxe3 24. Qxd7 Qc5 25. Kg2 Bxb2 26. Bxa6 Bc3 27. Qd5
{[%eval 77,17] [%emt 0:08:10]} Qxd5+ {[%eval 66,19] [%emt 0:09:24]} 28. Rxd5 {
[%eval 66,19] [%emt 0:03:21]} Rb4 {[%eval 65,19] [%emt 0:10:01]} 29. Rb5 {
[%eval 65,18] [%emt 0:06:33]} Ra4 {[%eval 31,19] [%emt 0:06:34] (Rg7)} 30. Rb8+
{[%eval 29,19] [%emt 0:04:08]} Kg7 {[%eval 19,21] [%emt 0:09:11]} 31. Bb5 {
[%eval 17,21] [%emt 0:19:28]} Rd4 {[%eval 17,21] [%emt 0:20:21]} 32. Rb7 {
[%eval 17,20] [%emt 0:09:08]} Ree4 {[%eval 17,19] [%emt 0:03:38]} 33. Rf3 {
[%eval 17,17] [%emt 0:02:54]} Bd2 {[%eval 12,18] [%emt 0:04:38]} 34. a4 {
[%eval 8,18] [%emt 0:06:33]} Rxf4 {[%eval 8,18] [%emt 0:04:29]} 35. Rxf4 {
[%eval 5,18] [%emt 0:08:23] (h3)} Rxf4 {[%eval 3,17] [%emt 0:00:33]} 36. Rd7 {
[%eval 5,18] [%emt 0:03:28]} Bc3 {[%eval 4,18] [%emt 0:05:54] (Ae1)} 37. Rd5 {
[%eval 5,17] [%emt 0:02:22]} Be1 {[%eval 1,17] [%emt 0:02:17]} 38. Re5 {
[%eval 1,17] [%emt 0:02:22] (h3)} Bd2 {[%eval 0,18] [%emt 0:02:37]} 39. Rd5 {
[%eval 0,18] [%emt 0:05:53] (Te2)} Be1 {[%eval 0,19] [%emt 0:02:35]} 40. Be8 {
[%eval 1,16] [%emt 0:01:41]} Rf2+ {[%eval 0,17] [%emt 0:03:36]} 41. Kh3 {
[%eval 0,18] [%emt 0:02:48]} Bd2 {[%eval 0,18] [%emt 0:04:43]} 42. Rb5 {
[%eval 0,16] [%emt 0:01:44] (Rg3)} Rf5 {[%eval -1,16] [%emt 0:01:31]} 43. Rxf5
{[%eval 0,19] [%emt 0:02:08]} gxf5 {[%eval 0,20] [%emt 0:00:23]} 44. Kg3 {
[%eval 0,22] [%emt 0:02:45]} f6 {[%eval 0,21] [%emt 0:02:03]} 45. gxf6+ {
[%eval 0,22] [%emt 0:01:28]} 1/2-1/2

[Event "Reto (Fritz11, 90'+30\"/100+15'+30\") "]
[Site "?"]
[Date "2009.12.31"]
[Round "?"]
[White "Diaz, Sergio"]
[Black "Cabrera, Marcelo Dario"]
[Result "1/2-1/2"]
[WhiteElo "2472"]
[BlackElo "2267"]
[PlyCount "78"]

1. e4 c5 2. Nf3 e6 3. d4 cxd4 4. Nxd4 a6 5. Bd3 Nf6 6. O-O Qc7 7. Qe2 d6 8. c4
Be7 9. Nc3 Nc6 10. Nxc6 bxc6 11. f4 Nd7 12. Be3 Rb8 13. Rad1 O-O 14. Rf3 g6 15.
g4 Bf6 16. Qd2 Bb7 17. g5 Bg7 18. Bf1 d5 19. Rf2 Rfe8 20. cxd5 cxd5 21. exd5
exd5 22. Nxd5 Bxd5 23. Qxd5 Rxe3 24. Qxd7 Qc5 25. Kg2 Bxb2 26. Bxa6 Bc3 27. Rd5
{[%eval 32,18] [%emt 0:02:33]} Qb4 {[%eval 31,19] [%emt 0:02:48]} 28. Bd3 {
[%eval 29,19] [%emt 0:03:16]} Ree8 {[%eval 28,19] [%emt 0:04:37]} 29. Rb5 {
[%eval 29,17] [%emt 0:01:13]} Qa4 {[%eval 18,20] [%emt 0:02:37]} 30. Rb7 {
[%eval 20,20] [%emt 0:02:12]} Qxd7 {[%eval 13,21] [%emt 0:01:11]} 31. Rxd7 {
[%eval 13,22] [%emt 0:00:54]} Red8 {[%eval 12,22] [%emt 0:01:27]} 32. Rxd8+ {
[%eval 13,22] [%emt 0:02:05]} Rxd8 {[%eval 12,23] [%emt 0:02:31]} 33. Bc2 {
[%eval 13,23] [%emt 0:03:53] (Ae4)} Rd2 {[%eval 12,23] [%emt 0:02:34] (Rg7)}
34. a4 {[%eval 13,24] [%emt 0:01:26]} Kg7 {[%eval 12,25] [%emt 0:02:06]} 35.
Rxd2 {[%eval 13,26] [%emt 0:02:31] (Ab3)} Bxd2 {[%eval 12,27] [%emt 0:00:26]}
36. Kf3 {[%eval 13,29] [%emt 0:02:04] (Rg3)} f5 {[%eval 12,29] [%emt 0:02:02]}
37. Bd3 {[%eval 13,30] [%emt 0:01:25] (Ab3)} h6 {[%eval 12,32] [%emt 0:02:07]}
38. h4 {[%eval 13,32] [%emt 0:01:36]} Be1 {[%eval 12,30] [%emt 0:01:44] (h5)}
39. Ke3 {[%eval 13,29] [%emt 0:01:34] (Ab5)} Ba5 {[%eval 12,29] [%emt 0:01:22]}
1/2-1/2

[Event "Reto (Rybka23232-bit, 90'+30\"/100+15'+3"]
[Site "?"]
[Date "2009.12.31"]
[Round "?"]
[White "Diaz, Sergio"]
[Black "Cabrera, Marcelo Dario"]
[Result "1/2-1/2"]
[WhiteElo "2472"]
[BlackElo "2267"]
[PlyCount "82"]

1. e4 c5 2. Nf3 e6 3. d4 cxd4 4. Nxd4 a6 5. Bd3 Nf6 6. O-O Qc7 7. Qe2 d6 8. c4
Be7 9. Nc3 Nc6 10. Nxc6 bxc6 11. f4 Nd7 12. Be3 Rb8 13. Rad1 O-O 14. Rf3 g6 15.
g4 Bf6 16. Qd2 Bb7 17. g5 Bg7 18. Bf1 d5 19. Rf2 Rfe8 20. cxd5 cxd5 21. exd5
exd5 22. Nxd5 Bxd5 23. Qxd5 Rxe3 24. Qxd7 Qc5 25. Kg2 Bxb2 26. Bxa6 Bc3 27. Rd5
{[%eval 40,16] [%emt 0:02:38]} Qb4 {[%eval 28,16] [%emt 0:01:34]} 28. Bd3 {
[%eval 28,16] [%emt 0:00:59]} Kg7 {[%eval 23,16] [%emt 0:04:28]} 29. Qa7 {
[%eval 29,16] [%emt 0:00:47]} Re7 {[%eval 21,16] [%emt 0:00:46]} 30. Rd7 {
[%eval 21,19] [%emt 0:03:54]} Ra8 {[%eval 19,19] [%emt 0:02:46]} 31. Qxa8 {
[%eval 17,19] [%emt 0:01:38]} Rxd7 {[%eval 16,19] [%emt 0:03:23]} 32. Qe4 {
[%eval 14,19] [%emt 0:04:01]} Rd4 {[%eval 10,19] [%emt 0:05:06]} 33. Qe5+ {
[%eval 11,19] [%emt 0:03:40]} Kg8 {[%eval 9,19] [%emt 0:00:00]} 34. Rf3 {
[%eval 12,19] [%emt 0:08:34]} Qf8 {[%eval 9,19] [%emt 0:19:19]} 35. Qe3 {
[%eval 7,19] [%emt 0:10:54]} Qd6 {[%eval 4,19] [%emt 0:15:38]} 36. a4 {[%eval
3,19] [%emt 0:16:07]} Ba5 {[%eval 2,19] [%emt 0:10:30]} 37. f5 {[%eval 4,19] 
[%emt 0:10:00]} Qd8 {[%eval 2,19] [%emt 0:11:15]} 38. fxg6 {[%eval 3,19] [%emt
0:09:44]} hxg6 {[%eval 3,19] [%emt 0:01:14]} 39. Bxg6 {[%eval 3,19] [%emt 0:04:
32]} Rd2+ {[%eval 0,17] [%emt 0:01:22]} 40. Kh3 {[%eval 0,18] [%emt 0:00:37]}
fxg6 {[%eval 0,18] [%emt 0:00:48]} 41. Qe6+ {[%eval 0,18] [%emt 0:00:25]} Kh8 {
[%eval 0,18] [%emt 0:00:00]} 1/2-1/2

[Event "Reto (Rybka232mp32-bit, 90'+30\"/100+15'"]
[Site "?"]
[Date "2009.12.31"]
[Round "?"]
[White "Diaz, Sergio"]
[Black "Cabrera, Marcelo Dario"]
[Result "1/2-1/2"]
[WhiteElo "2472"]
[BlackElo "2267"]
[PlyCount "79"]

1. e4 c5 2. Nf3 e6 3. d4 cxd4 4. Nxd4 a6 5. Bd3 Nf6 6. O-O Qc7 7. Qe2 d6 8. c4
Be7 9. Nc3 Nc6 10. Nxc6 bxc6 11. f4 Nd7 12. Be3 Rb8 13. Rad1 O-O 14. Rf3 g6 15.
g4 Bf6 16. Qd2 Bb7 17. g5 Bg7 18. Bf1 d5 19. Rf2 Rfe8 20. cxd5 cxd5 21. exd5
exd5 22. Nxd5 Bxd5 23. Qxd5 Rxe3 24. Qxd7 Qc5 25. Kg2 Bxb2 26. Bxa6 Bc3 27. Rd5
{[%eval 43,17] [%emt 0:03:17]} Qb4 {[%eval 32,18] [%emt 0:02:22]} 28. Bd3 {
[%eval 35,18] [%emt 0:02:03]} Kg7 {[%eval 19,18] [%emt 0:04:55]} 29. Qa7 {
[%eval 16,19] [%emt 0:11:33] (Dd6)} Re7 {[%eval 17,19] [%emt 0:01:29]} 30. Rd7
{[%eval 19,20] [%emt 0:04:36]} Ra8 {[%eval 14,20] [%emt 0:03:24]} 31. Qxa8 {
[%eval 14,20] [%emt 0:01:40]} Rxd7 {[%eval 9,20] [%emt 0:04:09]} 32. Qe4 {
[%eval 9,20] [%emt 0:04:49]} Rd4 {[%eval 10,20] [%emt 0:04:57]} 33. Qe5+ {
[%eval 14,20] [%emt 0:06:08]} Kg8 {[%eval 11,21] [%emt 0:06:51]} 34. Rf3 {
[%eval 11,21] [%emt 0:16:24]} Qf8 {[%eval 9,20] [%emt 0:17:45]} 35. Qe3 {
[%eval 9,20] [%emt 0:12:50]} Qd6 {[%eval 9,18] [%emt 0:00:44]} 36. h4 {[%eval
3,16] [%emt 0:01:15] (a4)} Kg7 {[%eval 1,16] [%emt 0:00:49]} 37. Kh3 {[%eval 1,
16] [%emt 0:00:44]} Ba5 {[%eval 1,16] [%emt 0:00:33]} 38. Bb5 {[%eval 0,17] 
[%emt 0:02:29]} Bc7 {[%eval 0,17] [%emt 0:00:35]} 39. a4 {[%eval 0,18] [%emt 0:
02:34] (Dc3)} Qd5 {[%eval 0,18] [%emt 0:00:35]} 40. Bc6 {[%eval 0,19] [%emt 0:
02:14]} 1/2-1/2

[Event "Reto (ZappaMexico, 90'+30\"/100+15'+30\")"]
[Site "?"]
[Date "2009.12.31"]
[Round "?"]
[White "Diaz, Sergio"]
[Black "Cabrera, Marcelo Dario"]
[Result "1/2-1/2"]
[WhiteElo "2472"]
[BlackElo "2267"]
[PlyCount "104"]

1. e4 c5 2. Nf3 e6 3. d4 cxd4 4. Nxd4 a6 5. Bd3 Nf6 6. O-O Qc7 7. Qe2 d6 8. c4
Be7 9. Nc3 Nc6 10. Nxc6 bxc6 11. f4 Nd7 12. Be3 Rb8 13. Rad1 O-O 14. Rf3 g6 15.
g4 Bf6 16. Qd2 Bb7 17. g5 Bg7 18. Bf1 d5 19. Rf2 Rfe8 20. cxd5 cxd5 21. exd5
exd5 22. Nxd5 Bxd5 23. Qxd5 Rxe3 24. Qxd7 Qc5 25. Kg2 Bxb2 26. Bxa6 Bc3 27. Rd5
{[%eval 31,15] [%emt 0:08:52]} Qb4 {[%eval 23,15] [%emt 0:05:52]} 28. Bd3 {
[%eval 23,15] [%emt 0:00:00]} Kg7 {[%eval 26,15] [%emt 0:07:41]} 29. Qa7 {
[%eval 21,15] [%emt 0:04:33]} Rbe8 {[%eval 29,15] [%emt 0:04:01]} 30. Qc7 {
[%eval 29,15] [%emt 0:03:35]} R8e7 {[%eval 34,15] [%emt 0:03:40]} 31. Qc4 {
[%eval 16,15] [%emt 0:05:28]} Qb7 {[%eval 16,15] [%emt 0:02:29]} 32. a4 {
[%eval 16,15] [%emt 0:05:43]} Kg8 {[%eval 24,15] [%emt 0:07:01]} 33. Qb5 {
[%eval 15,15] [%emt 0:02:14]} Qc8 {[%eval 9,15] [%emt 0:02:55]} 34. f5 {
[%eval 9,15] [%emt 0:04:56]} Qa8 {[%eval 11,15] [%emt 0:04:47]} 35. Bc4 {
[%eval 6,14] [%emt 0:03:32] (Rg1)} R3e4 {[%eval 24,14] [%emt 0:15:32] (T7e4)}
36. Rc2 {[%eval 24,14] [%emt 0:04:36]} Bd4 {[%eval 38,14] [%emt 0:02:48]} 37.
Bd3 {[%eval 41,14] [%emt 0:03:54]} Rg4+ {[%eval -6,14] [%emt 0:07:09] (T4e5)}
38. Kf3 {[%eval -6,14] [%emt 0:00:00]} Rxg5 {[%eval -6,14] [%emt 0:03:03]} 39.
Qc6 {[%eval -6,14] [%emt 0:04:17]} Re3+ {[%eval -6,13] [%emt 0:01:50]} 40. Kf4
{[%eval -6,13] [%emt 0:00:00]} Qb8+ {[%eval -6,13] [%emt 0:00:00]} 41. Qc7 {
[%eval -6,13] [%emt 0:00:00]} Qb4 {[%eval -6,13] [%emt 0:00:00]} 42. Qd8+ {
[%eval -6,13] [%emt 0:00:00]} Kg7 {[%eval -6,13] [%emt 0:00:00]} 43. Rxd4 {
[%eval -6,13] [%emt 0:00:00]} Rxd3 {[%eval -6,13] [%emt 0:00:00]} 44. f6+ {
[%eval -14,14] [%emt 0:01:31]} Kh6 {[%eval -14,14] [%emt 0:00:00]} 45. Rxb4 {
[%eval -14,14] [%emt 0:00:00]} Rf5+ {[%eval -28,15] [%emt 0:02:02] (Txd8)} 46.
Kg4 {[%eval -38,16] [%emt 0:03:21]} Rxd8 {[%eval -44,16] [%emt 0:02:49]} 47.
Rf4 {[%eval -24,16] [%emt 0:01:22]} Rxf4+ {[%eval -27,17] [%emt 0:01:43]} 48.
Kxf4 {[%eval -27,17] [%emt 0:00:00]} Rd4+ {[%eval -31,17] [%emt 0:01:15]} 49.
Ke5 {[%eval -17,18] [%emt 0:01:41]} Rxa4 {[%eval -17,18] [%emt 0:00:00]} 50.
Rc7 {[%eval -17,18] [%emt 0:00:00]} Ra5+ {[%eval -19,18] [%emt 0:01:45]} 51.
Kd6 {[%eval -13,19] [%emt 0:01:45]} g5 {[%eval -10,19] [%emt 0:01:57]} 52. Rxf7
{[%eval -10,19] [%emt 0:00:00]} Kg6 {[%eval -5,19] [%emt 0:02:09]} 1/2-1/2

[Event "Reto (Fruit23, 90'+30\"/100+15'+30\") "]
[Site "?"]
[Date "2009.12.31"]
[Round "?"]
[White "Diaz, Sergio"]
[Black "Cabrera, Marcelo Dario"]
[Result "1/2-1/2"]
[WhiteElo "2472"]
[BlackElo "2267"]
[PlyCount "168"]

1. e4 c5 2. Nf3 e6 3. d4 cxd4 4. Nxd4 a6 5. Bd3 Nf6 6. O-O Qc7 7. Qe2 d6 8. c4
Be7 9. Nc3 Nc6 10. Nxc6 bxc6 11. f4 Nd7 12. Be3 Rb8 13. Rad1 O-O 14. Rf3 g6 15.
g4 Bf6 16. Qd2 Bb7 17. g5 Bg7 18. Bf1 d5 19. Rf2 Rfe8 20. cxd5 cxd5 21. exd5
exd5 22. Nxd5 Bxd5 23. Qxd5 Rxe3 24. Qxd7 Qc5 25. Kg2 Bxb2 26. Bxa6 Bc3 27. Qd5
{[%eval 37,16] [%emt 0:02:31]} Qe7 {[%eval 43,17] [%emt 0:04:08]} 28. Bc4 {
[%eval 41,17] [%emt 0:03:06]} Ba5 {[%eval 45,17] [%emt 0:03:56] (Te4)} 29. Qc6
{[%eval 47,18] [%emt 0:05:48]} Rd8 {[%eval 52,18] [%emt 0:07:29] (Tc3)} 30.
Rxd8+ {[%eval 52,18] [%emt 0:04:08]} Bxd8 {[%eval 49,17] [%emt 0:03:58] (Dxd8)}
31. h4 {[%eval 48,18] [%emt 0:05:41] (Ad5)} Qe4+ {[%eval 43,18] [%emt 0:04:16]}
32. Qxe4 {[%eval 42,20] [%emt 0:00:55]} Rxe4 {[%eval 42,20] [%emt 0:01:01]} 33.
Bb3 {[%eval 50,20] [%emt 0:02:22]} Bc7 {[%eval 40,21] [%emt 0:02:18]} 34. a4 {
[%eval 37,22] [%emt 0:05:25]} Rb4 {[%eval 35,22] [%emt 0:02:24]} 35. Rf3 {
[%eval 35,22] [%emt 0:02:45]} Kg7 {[%eval 38,22] [%emt 0:02:55]} 36. Rc3 {
[%eval 37,22] [%emt 0:02:40]} Bb6 {[%eval 36,22] [%emt 0:02:20] (Ad8)} 37. Kg3
{[%eval 34,22] [%emt 0:04:01]} Ba5 {[%eval 34,23] [%emt 0:03:16]} 38. Rd3 {
[%eval 33,23] [%emt 0:04:51]} Bc7 {[%eval 33,23] [%emt 0:03:49]} 39. Kg2 {
[%eval 32,22] [%emt 0:01:39]} Bb6 {[%eval 33,22] [%emt 0:02:32]} 40. Kf3 {
[%eval 32,22] [%emt 0:03:55]} h6 {[%eval 32,22] [%emt 0:03:04]} 41. gxh6+ {
[%eval 36,22] [%emt 0:02:53]} Kxh6 {[%eval 35,23] [%emt 0:02:59]} 42. Bxf7 {
[%eval 35,23] [%emt 0:03:06]} Bc7 {[%eval 35,23] [%emt 0:02:53]} 43. Rd7 {
[%eval 35,23] [%emt 0:05:05]} Rxf4+ {[%eval 35,23] [%emt 0:02:47]} 44. Ke3 {
[%eval 35,24] [%emt 0:02:31]} Rxh4 {[%eval 35,24] [%emt 0:33:49]} 45. Rxc7 {
[%eval 35,24] [%emt 0:01:29]} Rxa4 {[%eval 35,24] [%emt 0:01:24]} 46. Bb3 {
[%eval 35,24] [%emt 0:02:25] (Tc5)} Ra3 {[%eval 35,23] [%emt 0:01:40]} 47. Rb7
{[%eval 35,25] [%emt 0:01:38]} Kg5 {[%eval 35,25] [%emt 0:01:21]} 48. Kf3 {
[%eval 35,26] [%emt 0:02:10]} Ra1 {[%eval 35,26] [%emt 0:01:20]} 49. Bd5 {
[%eval 35,25] [%emt 0:01:08]} Ra3+ {[%eval 34,25] [%emt 0:13:37] (Rf6)} 50. Kg2
{[%eval 34,27] [%emt 0:02:00] (Rf2)} Kf5 {[%eval 34,25] [%emt 0:00:24] (Rf6)}
51. Rb8 {[%eval 34,25] [%emt 0:01:50] (Tb4)} Ke5 {[%eval 34,25] [%emt 0:00:25]
(g5)} 52. Rb5 {[%eval 34,25] [%emt 0:01:28] (Af3)} g5 {[%eval 34,23] [%emt 0:
00:29] (Rf6)} 53. Bb3+ {[%eval 34,24] [%emt 0:01:05]} Kf6 {[%eval 34,25] [%emt
0:01:23]} 54. Kg3 {[%eval 34,25] [%emt 0:01:02] (Rf3)} Ra1 {[%eval 34,26] 
[%emt 0:00:48]} 55. Bd5 {[%eval 34,26] [%emt 0:02:01]} Ra3+ {[%eval 34,25] 
[%emt 0:00:26]} 56. Kg4 {[%eval 34,26] [%emt 0:01:43]} Ra4+ {[%eval 34,26] 
[%emt 0:00:46]} 57. Kf3 {[%eval 34,26] [%emt 0:01:55]} Ra3+ {[%eval 34,21] 
[%emt 0:00:29] (Ta1)} 58. Bb3 {[%eval 34,23] [%emt 0:00:59]} Ra1 {[%eval 34,23]
[%emt 0:00:45]} 59. Rc5 {[%eval 33,22] [%emt 0:01:12] (Ac2)} Ra3 {[%eval 33,22]
[%emt 0:00:26]} 60. Rc6+ {[%eval 34,23] [%emt 0:00:55]} Kf5 {[%eval 34,25] 
[%emt 0:00:54] (Re5)} 61. Rb6 {[%eval 34,25] [%emt 0:01:02]} Ra1 {[%eval 34,23]
[%emt 0:00:44] (g4+)} 62. Bc2+ {[%eval 34,22] [%emt 0:01:47]} Ke5 {[%eval 32,4]
[%emt 0:00:00]} 63. Rb4 {[%eval 33,23] [%emt 0:01:17] (Tb5+)} Rf1+ {[%eval 33,
23] [%emt 0:00:34]} 64. Kg2 {[%eval 33,24] [%emt 0:01:36]} Re1 {[%eval 33,23] 
[%emt 0:00:38] (Tc1)} 65. Rb5+ {[%eval 33,23] [%emt 0:01:03]} Kf4 {[%eval 33,
24] [%emt 0:00:44]} 66. Rf5+ {[%eval 33,24] [%emt 0:01:00] (Rf2)} Kg4 {[%eval
33,26] [%emt 0:00:44]} 67. Rf2 {[%eval 33,26] [%emt 0:01:06]} Kh4 {[%eval 33,
27] [%emt 0:00:43]} 68. Rd2 {[%eval 33,26] [%emt 0:01:07] (Tf8)} g4 {[%eval 33,
27] [%emt 0:00:35]} 69. Bd1 {[%eval 33,29] [%emt 0:01:35]} Re3 {[%eval 33,28] 
[%emt 0:00:42] (Te4)} 70. Rd8 {[%eval 33,27] [%emt 0:01:32]} Rg3+ {[%eval 32,
23] [%emt 0:00:30] (Te4)} 71. Kf2 {[%eval 32,26] [%emt 0:01:27]} Rh3 {[%eval
32,26] [%emt 0:00:42]} 72. Rh8+ {[%eval 32,26] [%emt 0:01:29]} Kg5 {[%eval 29,
4] [%emt 0:00:00]} 73. Rg8+ {[%eval 31,25] [%emt 0:01:39] (Tb8)} Kf4 {[%eval
31,26] [%emt 0:00:43]} 74. Rf8+ {[%eval 31,26] [%emt 0:01:28]} Kg5 {[%eval 31,
26] [%emt 0:00:43]} 75. Kg2 {[%eval 30,24] [%emt 0:01:48]} Rh4 {[%eval 30,24] 
[%emt 0:00:41] (Td3)} 76. Rg8+ {[%eval 30,25] [%emt 0:01:31]} Kf4 {[%eval 30,
26] [%emt 0:00:42]} 77. Rd8 {[%eval 29,25] [%emt 0:02:10]} g3 {[%eval 29,25] 
[%emt 0:00:42]} 78. Rf8+ {[%eval 29,26] [%emt 0:01:22]} Kg5 {[%eval 29,26] 
[%emt 0:00:37]} 79. Rg8+ {[%eval 29,26] [%emt 0:01:28]} Kf5 {[%eval 29,27] 
[%emt 0:00:41]} 80. Bc2+ {[%eval 29,24] [%emt 0:01:01] (Af3)} Kf4 {[%eval 29,
25] [%emt 0:01:03]} 81. Rf8+ {[%eval 29,25] [%emt 0:01:21]} Kg5 {[%eval 29,24]
[%emt 0:00:24] (Re5)} 82. Rf5+ {[%eval 29,24] [%emt 0:01:04] (Tc8)} Kg4 {
[%eval 0,26] [%emt 0:00:30]} 83. Be4 {[%eval 0,28] [%emt 0:01:02] (Tc5)} Rh2+ {
[%eval 0,29] [%emt 0:00:23]} 84. Kg1 {[%eval 0,31] [%emt 0:01:21]} Re2 {
[%eval 0,31] [%emt 0:00:41]} 1/2-1/2

[Event "Reto (DeepJunior1, 90'+30\"/100+15'+30\")"]
[Site "?"]
[Date "2009.12.31"]
[Round "?"]
[White "Diaz, Sergio"]
[Black "Cabrera, Marcelo Dario"]
[Result "1/2-1/2"]
[WhiteElo "2472"]
[BlackElo "2267"]
[PlyCount "82"]

1. e4 c5 2. Nf3 e6 3. d4 cxd4 4. Nxd4 a6 5. Bd3 Nf6 6. O-O Qc7 7. Qe2 d6 8. c4
Be7 9. Nc3 Nc6 10. Nxc6 bxc6 11. f4 Nd7 12. Be3 Rb8 13. Rad1 O-O 14. Rf3 g6 15.
g4 Bf6 16. Qd2 Bb7 17. g5 Bg7 18. Bf1 d5 19. Rf2 Rfe8 20. cxd5 cxd5 21. exd5
exd5 22. Nxd5 Bxd5 23. Qxd5 Rxe3 24. Qxd7 Qc5 25. Kg2 Bxb2 26. Bxa6 Bc3 27. Qd5
{[%eval 20,16] [%emt 0:01:05]} Qe7 {[%eval 21,16] [%emt 0:00:51] (Dc7)} 28. Rc2
{[%eval 12,18] [%emt 0:02:13]} Bb4 {[%eval 39,17] [%emt 0:01:27] (Ag7)} 29.
Rdc1 {[%eval 28,18] [%emt 0:01:29]} Qd6 {[%eval 43,17] [%emt 0:01:42] (Tf8)}
30. Qxd6 {[%eval 30,17] [%emt 0:01:26] (Ac4)} Bxd6 {[%eval 33,18] [%emt 0:01:
36]} 31. f5 {[%eval 21,19] [%emt 0:02:12]} gxf5 {[%eval 51,17] [%emt 0:01:09]}
32. Rd1 {[%eval 19,18] [%emt 0:03:21]} Be5 {[%eval 30,18] [%emt 0:04:55] (Tb6)}
33. Bc8 {[%eval 16,18] [%emt 0:05:43] (Td7)} f4 {[%eval 26,19] [%emt 0:02:51]}
34. Rd7 {[%eval 8,19] [%emt 0:03:54] (Af5)} Ra3 {[%eval 28,18] [%emt 0:01:53] 
(Rg7)} 35. Bb7 {[%eval 21,19] [%emt 0:04:46]} Ra7 {[%eval 51,18] [%emt 0:01:20]
} 36. Re2 {[%eval 22,19] [%emt 0:00:46]} Raxb7 {[%eval 28,19] [%emt 0:01:20]}
37. Rxb7 {[%eval 4,21] [%emt 0:00:25]} Rxb7 {[%eval 0,23] [%emt 0:00:57]} 38.
Rxe5 {[%eval -9,24] [%emt 0:01:38]} Rb2+ {[%eval 21,23] [%emt 0:01:04]} 39. Kf3
{[%eval -12,24] [%emt 0:01:29]} Rxa2 {[%eval 0,24] [%emt 0:01:15]} 40. h4 {
[%eval -10,24] [%emt 0:01:11]} h6 {[%eval 0,25] [%emt 0:01:10]} 41. Re7 {
[%eval 0,25] [%emt 0:00:58] (Tb5)} Ra3+ {[%eval 0,26] [%emt 0:01:13]} 1/2-1/2